000 00283nam a2200133 i 4500
001 bg
100 1 _aSTEJSI, F.
245 0 _aFizika zemli /
_cF. Stejsi.
260 _aMoskwa,
_c1972.
040 _cBPK
041 _apol
942 _cKS
008 s pl f |000 0 pol
999 _c15072
_d15072
856 _uhttp://koha.tu.koszalin.pl/cgi-bin/koha/opac-detail.pl?biblionumber=15072
_yKatalog online BPK